000 00706nam a22001937a 4500
999 _c175700
_d175700
005 20200916145020.0
010 _aUR-10865
020 _c126.00
_a9789389733358
035 _aU-9420
037 _bDBAD/PUB
082 _a808.88
100 _aمحمد ا نو ا ر ا لحق تبسم
245 _aا و ر ا ق پا ر ينہ
_cمحمد ا نو ا ر ا لحق تبسم
246 _bAoraq-E-Parina (Urdu)
_aby Mohd.Anwar-Ul-Haque Tabassum
260 _aN.Delhi
_bEducational Publishing House
_c2019 ء
270 _aH.O.D1/16,Ansari Road,Darya ganj,
_bN.Delhi
_e110002
_k45678285,23216162
_l0091-11-23211540
300 _a228 ص
_c22 Cm(Hb)
942 _2ddc
_cUR
_h808.88
_mم ح م